[Event "Vecindario Montalvo Memorial 16th"]
[Site "Vecindario"]
[Date "2024.03.27"]
[Round "5"]
[White "Illana Elorduy, Jesus Eusebio"]
[Black "Rossello Padron, Carlos Eduardo"]
[Result "1/2-1/2"]
[WhiteElo "1623"]
[BlackElo "1792"]
[PlyCount "99"]
[EventDate "2024.03.23"]
[EventType "swiss"]
[EventRounds "9"]
[EventCountry "ESP"]
[SourceTitle "CB15_2024"]
[SourceDate "2024.04.10"]
[SourceVersion "1"]
[SourceVersionDate "2024.04.10"]
[SourceQuality "1"]

1. d4 Nf6 2. c4 c5 3. d5 b5 4. cxb5 a6 5. bxa6 Bxa6 6. Nc3 g6 7. g3 Bg7 8. Bg2 d6 9. e4 Nbd7 10. Nge2 0-0 11. 0-0 Qb6 12. Qc2 Ne5 13. Rd1 Nfg4 14. Na4 Qa7 15. Nec3 c4 16. h3 Nf6 17. Be3 Qb7 18. f4 Nd3 19. e5 Ne8 20. e6 Nf6 21. Kh2 Rab8 22. Nb6 Qc7 23. Nca4 Bb5 24. Rxd3 Bxa4 25. Nxa4 Qa5 26. Ra3 Nxd5 27. exf7+ Rxf7 28. Bxd5 Qxd5 29. Rd1 Qb5 30. Bd4 e5 31. Bc3 exf4 32. Bxg7 fxg3+ 33. Rxg3 Kxg7 34. b3 cxb3 35. axb3 Rbf8 36. Qc3+ Kg8 37. Rd2 Qf1 38. Rdg2 Rf6 39. Qc4+ Kg7 40. Qxf1 Rxf1 41. Nc3 Rc1 42. Rd3 Rff1 43. Ne4 h5 44. Nxd6 h4 45. Rgd2 Rce1 46. Nc4 Rh1+ 47. Kg2 Ref1 48. Rd7+ Kh6 49. Ne3 Rhg1+ 50. Kh2 1/2-1/2

[Event "Vecindario Montalvo Memorial 15th"]
[Site "Vecindario"]
[Date "2023.04.05"]
[Round "5"]
[White "Fuentes Perez, Noe"]
[Black "Rossello Padron, Carlos Eduardo"]
[Result "1-0"]
[WhiteElo "1986"]
[BlackElo "1635"]
[PlyCount "79"]
[EventDate "2023.04.02"]
[EventType "swiss"]
[EventRounds "9"]
[EventCountry "ESP"]
[SourceTitle "CBM 213 Extra"]
[Source "ChessBase"]
[SourceDate "2023.05.31"]
[SourceVersion "1"]
[SourceVersionDate "2023.05.31"]
[SourceQuality "1"]

1. e4 c5 2. Nf3 Nc6 3. d4 cxd4 4. Nxd4 Nf6 5. Nc3 e5 6. Ndb5 d6 7. Bg5 a6 8. Na3 b5 9. Nd5 Be7 10. Bxf6 Bxf6 11. c3 0-0 12. Nc2 Be7 13. g3 Be6 14. a4 bxa4 15. Rxa4 a5 16. Bb5 Bd7 17. 0-0 Rb8 18. Qd3 Rxb5 19. Qxb5 Nd4 20. Qb7 Bxa4 21. Nxe7+ Kh8 22. Nxd4 exd4 23. cxd4 Re8 24. Nf5 g6 25. Nh6 Qf6 26. Nxf7+ Kg8 27. Nh6+ Kh8 28. b3 Re7 29. Qb8+ Be8 30. e5 dxe5 31. dxe5 Qg7 32. Ng4 Qf7 33. Nf6 Kg7 34. Rc1 Bd7 35. Rc4 Qe6 36. Rh4 h6 37. Rxh6 Qxe5 38. Qg8+ Kxh6 39. Qh8+ Kg5 40. f4+ 1-0

[Event "Las Palmas Insular-chT Honor 1718"]
[Site "Las Palmas"]
[Date "2017.10.28"]
[Round "1.4"]
[White "Medina Martin, Alberto"]
[Black "Rossello Padron, Carlos Eduardo"]
[Result "1-0"]
[WhiteElo "1931"]
[BlackElo "1789"]
[PlyCount "135"]
[EventDate "2017.10.28"]
[EventType "team-tourn"]
[EventRounds "9"]
[EventCountry "ESP"]
[SourceTitle "EXT 2019"]
[Source "ChessBase"]
[SourceDate "2018.10.10"]
[SourceVersion "1"]
[SourceVersionDate "2018.10.10"]
[SourceQuality "1"]
[WhiteTeam "Guia Univac"]
[BlackTeam "Piscolabis Oleaje San Andres"]
[WhiteTeamCountry "ESP"]
[BlackTeamCountry "ESP"]

1. d4 Nf6 2. c4 c5 3. d5 b5 4. cxb5 a6 5. e3 d6 6. Nc3 g6 7. a4 axb5 8. Bxb5+ Bd7 9. Nf3 Bg7 10. 0-0 0-0 11. Re1 Qb6 12. e4 Ng4 13. h3 Bxc3 14. bxc3 Nxf2 15. Kxf2 Bxb5 16. Rb1 Qa5 17. axb5 Qxc3 18. Bb2 Ra2 19. Qd2 Qc4 20. Kg1 f6 21. Qc3 Qxb5 22. Nd2 Nd7 23. Nc4 Rb8 24. Ra1 Rxb2 25. Nxb2 Qxb2 26. Qxb2 Rxb2 27. Ra7 Ne5 28. Rxe7 c4 29. Ra1 Rb8 30. Raa7 h5 31. Rac7 h4 32. Rg7+ Kh8 33. Rh7+ Kg8 34. Rcg7+ Kf8 35. Rh8+ Kxg7 36. Rxb8 Nd3 37. Rc8 Nc5 38. Kf2 Nxe4+ 39. Ke3 f5 40. Rxc4 Kf6 41. Kd4 Kg5 42. Ra4 Ng3 43. Ra2 Ne4 44. Ra3 Kf6 45. Re3 Nc5 46. Re8 Kg5 47. Re7 Kf6 48. Rh7 Kg5 49. Rh8 Ne4 50. Ke3 Nf6 51. Kd4 Ne4 52. Rh7 Nf6 53. Re7 Ne4 54. Re6 Kh5 55. Ke3 Kg5 56. Kf3 Nd2+ 57. Ke2 Ne4 58. Ke3 Kh6 59. Kd4 Kg7 60. Kc4 g5 61. Kb5 Kf7 62. Kc6 Nf6 63. Kxd6 g4 64. Ke5 Nh5 65. Rh6 gxh3 66. gxh3 Ng7 67. Rxh4 Kg6 68. d6 1-0

[Event "Las Palmas Insular-chT Pref 1617"]
[Site "Las Palmas"]
[Date "2016.10.29"]
[Round "2.4"]
[White "Rossello Padron, Carlos Eduardo"]
[Black "Ruiz Romero, Pedro"]
[Result "0-1"]
[WhiteElo "1797"]
[BlackElo "1806"]
[PlyCount "66"]
[EventDate "2016.10.22"]
[EventType "team-tourn"]
[EventRounds "14"]
[EventCountry "ESP"]
[SourceTitle "EXT 2018"]
[Source "ChessBase"]
[SourceDate "2017.10.13"]
[SourceVersion "1"]
[SourceVersionDate "2017.10.13"]
[SourceQuality "1"]
[WhiteTeam "Piscolabis Oleaje San Andres"]
[BlackTeam "Anand"]
[WhiteTeamCountry "ESP"]
[BlackTeamCountry "ESP"]

1. c4 e5 2. Nc3 Nf6 3. g3 c6 4. d4 exd4 5. Qxd4 Na6 6. a3 Nc5 7. Qd1 a5 8. Bg2 d6 9. e4 Be6 10. Qe2 Qb6 11. Be3 Qb3 12. Bxc5 Bxc4 13. Qd2 dxc5 14. e5 Rd8 15. Qc1 Nd5 16. Nge2 Be7 17. 0-0 Nxc3 18. Nxc3 Bxf1 19. Bxf1 0-0 20. Ne4 Qd5 21. Qf4 Qe6 22. Re1 Kh8 23. Nc3 Rd4 24. Qc1 Rfd8 25. Ne2 Rd2 26. Nf4 Qb3 27. Bc4 Qxb2 28. Qxb2 Rxb2 29. Bxf7 b5 30. Bg6 c4 31. Be4 Rdd2 32. Nh3 c3 33. Kg2 Re2 0-1

[Event "Las Palmas Insular-chT Pref-A"]
[Site "Las Palmas"]
[Date "2015.11.14"]
[Round "3.1"]
[White "Rossello Padron, Carlos Eduardo"]
[Black "Moreno Ramos, Aristides"]
[Result "0-1"]
[WhiteElo "1819"]
[BlackElo "1747"]
[PlyCount "122"]
[EventDate "2015.10.17"]
[EventType "team-tourn"]
[EventRounds "14"]
[EventCountry "ESP"]
[SourceTitle "CBM 170 Extra"]
[Source "ChessBase"]
[SourceDate "2016.02.25"]
[SourceVersion "1"]
[SourceVersionDate "2016.02.25"]
[SourceQuality "1"]
[WhiteTeam "Piscolabis Oleaje San Andres II"]
[BlackTeam "Sociedad La Montana II"]
[WhiteTeamCountry "ESP"]
[BlackTeamCountry "ESP"]

1. b3 d5 2. Bb2 Nf6 3. e3 c6 4. f4 Bf5 5. Nf3 e6 6. Be2 h6 7. 0-0 Bd6 8. Ne5 Qe7 9. Bf3 Nbd7 10. d4 Ne4 11. Nd2 Ndf6 12. c4 Bb4 13. Nxe4 Nxe4 14. g4 Bh7 15. a3 Bd2 16. Qe2 Bc3 17. Bxe4 Bxb2 18. Bxh7 Bxa1 19. Bg6 Qxa3 20. Nxf7 Kd7 21. cxd5 exd5 22. Nxh8 Rxh8 23. Qc2 Rf8 24. Rf2 a6 25. Bh5 Qa5 26. Re2 Qb4 27. g5 hxg5 28. fxg5 Qe7 29. Qg6 Bc3 30. h4 Kc7 31. Qd3 Qb4 32. Rc2 Be1 33. e4 Bxh4 34. Re2 Qe7 35. Rg2 Qxe4 36. Qxe4 dxe4 37. Rg4 Bf2+ 38. Kg2 Bxd4 39. Rxe4 c5 40. Bf3 Kd6 41. Kg3 a5 42. Be2 Be5+ 43. Kg4 Rf2 44. Bc4 Rd2 45. Kf5 Rf2+ 46. Kg6 Rf4 47. Rxe5 Kxe5 48. Kxg7 Kf5 49. g6 Kg5 50. Bf7 Rf6 51. Be8 b6 52. Kh7 Rf8 53. Bf7 Kf6 54. Bc4 Re8 55. Bf7 Re7 56. Kg8 b5 57. Kf8 a4 58. bxa4 bxa4 59. Kg8 a3 60. g7 Rxf7 61. Kh8 Ke7 0-1

[Event "Gran Canaria-ch Seniors"]
[Site "Gran Canaria"]
[Date "2015.05.19"]
[Round "6"]
[White "Rossello Padron, Carlos Eduardo"]
[Black "Fernandez de la Hoz A, Carlos"]
[Result "0-1"]
[WhiteElo "1863"]
[BlackElo "1727"]
[PlyCount "62"]
[EventDate "2015.04.28"]
[EventType "swiss"]
[EventRounds "6"]
[EventCountry "ESP"]
[SourceTitle "CBM 166 Extra"]
[Source "ChessBase"]
[SourceDate "2015.06.18"]
[SourceVersion "1"]
[SourceVersionDate "2015.06.18"]
[SourceQuality "1"]

1. b3 Nf6 2. Bb2 d5 3. e3 Bf5 4. f4 h6 5. Nf3 Nbd7 6. Be2 e6 7. 0-0 Bd6 8. Nd4 Bh7 9. Nb5 Be7 10. d3 c6 11. Nd4 Rg8 12. Nd2 Qc7 13. Bh5 g5 14. Nxe6 Qd6 15. fxg5 Nxh5 16. Rxf7 Bg6 17. Ng7+ Nxg7 18. Rxg7 Rxg7 19. Bxg7 Bxg5 20. Qf3 Qe7 21. Bd4 c5 22. Qxd5 cxd4 23. Nc4 Bxe3+ 24. Kh1 Nf6 25. Nd6+ Kf8 26. Rf1 Kg7 27. Qc5 Qd7 28. Qe5 Rf8 29. h4 Qg4 30. Qh2 Qe2 31. Ra1 Ng4 0-1

[Event "Gran Canaria-ch Seniors"]
[Site "Gran Canaria"]
[Date "2015.05.12"]
[Round "4"]
[White "Rossello Padron, Carlos Eduardo"]
[Black "Sanchez Montesdeoca, Isaac"]
[Result "1-0"]
[WhiteElo "1863"]
[BlackElo "1800"]
[PlyCount "139"]
[EventDate "2015.04.28"]
[EventType "swiss"]
[EventRounds "6"]
[EventCountry "ESP"]
[SourceTitle "CBM 166 Extra"]
[Source "ChessBase"]
[SourceDate "2015.06.18"]
[SourceVersion "1"]
[SourceVersionDate "2015.06.18"]
[SourceQuality "1"]

1. d4 b6 2. c4 e6 3. Nc3 Bb7 4. Nf3 Nf6 5. Bg5 h6 6. Bh4 g5 7. Bg3 Ne4 8. e3 Nxg3 9. hxg3 Bg7 10. g4 Qe7 11. Bd3 Nc6 12. a3 0-0-0 13. Be4 d5 14. cxd5 exd5 15. Bxd5 Kb8 16. Bxc6 Bxc6 17. Qe2 Qe6 18. 0-0-0 Bb7 19. Ne1 Rhe8 20. Rd2 Qb3 21. Qd1 Qc4 22. Kb1 Bf8 23. Qc2 Rd6 24. Qa4 Qe6 25. d5 Qg6+ 26. Ka1 Red8 27. e4 b5 28. Nxb5 Ra6 29. Qc4 Rd7 30. Nf3 Qf6 31. Qd4 Qf4 32. e5 Qxd4 33. Rxd4 Rb6 34. a4 Rxd5 35. Rxd5 Bxd5 36. Rd1 c6 37. Nc3 Bc5 38. Nxd5 cxd5 39. Nd4 Kb7 40. f3 Rb4 41. Nf5 Kc6 42. Nxh6 Bd4 43. Nxf7 Bxb2+ 44. Ka2 Bc3 45. e6 Rb2+ 46. Ka3 Re2 47. Nxg5 Kc5 48. Kb3 Bf6 49. Nh7 Be7 50. f4 Rxg2 51. g5 Rg3+ 52. Kc2 Kc4 53. f5 Bb4 54. f6 Rc3+ 55. Kd2 Rh3+ 56. Kc2 Rxh7 57. g6 Rh6 58. g7 Rg6 59. Rf1 d4 60. e7 d3+ 61. Kd1 Rg2 62. e8Q Rd2+ 63. Kc1 Rc2+ 64. Kb1 Kb3 65. g8Q+ Ka3 66. Qe3 Rb2+ 67. Kc1 Rc2+ 68. Kd1 Rc3 69. Rf2 Kxa4 70. Qxa7+ 1-0

[Event "Gran Canaria-ch Seniors"]
[Site "Gran Canaria"]
[Date "2015.04.28"]
[Round "1"]
[White "Monteiro Rodrigues, Carlos"]
[Black "Rossello Padron, Carlos Eduardo"]
[Result "0-1"]
[WhiteElo "1470"]
[BlackElo "1863"]
[PlyCount "48"]
[EventDate "2015.04.28"]
[EventType "swiss"]
[EventRounds "6"]
[EventCountry "ESP"]
[SourceTitle "CBM 166 Extra"]
[Source "ChessBase"]
[SourceDate "2015.06.18"]
[SourceVersion "1"]
[SourceVersionDate "2015.06.18"]
[SourceQuality "1"]

1. e4 c5 2. Nf3 Nc6 3. d4 cxd4 4. Nxd4 Nf6 5. Nc3 e5 6. Ndb5 d6 7. Bg5 a6 8. Na3 b5 9. Nd5 Be7 10. Nxf6+ Bxf6 11. Be3 0-0 12. Bd3 Nb4 13. Be2 d5 14. c3 d4 15. Bd2 Nc6 16. Bd3 dxc3 17. Bc1 Nb4 18. Bb1 Qc7 19. 0-0 Rd8 20. Qb3 cxb2 21. Bxb2 Nc6 22. Bd3 Be6 23. Qc2 Qb6 24. Kh1 Nb4 0-1

[Event "ESP-chT Liga Insular Pref 1415"]
[Site "Las Palmas"]
[Date "2015.04.18"]
[Round "14.4"]
[White "Galvan Sarmiento, Jose Luis"]
[Black "Rossello Padron, Carlos Eduardo"]
[Result "1-0"]
[WhiteElo "1990"]
[BlackElo "1863"]
[PlyCount "114"]
[EventDate "2014.11.22"]
[EventType "team-tourn"]
[EventRounds "14"]
[EventCountry "ESP"]
[SourceTitle "EXT 2018"]
[Source "ChessBase"]
[SourceDate "2017.10.13"]
[SourceVersion "1"]
[SourceVersionDate "2017.10.13"]
[SourceQuality "1"]
[WhiteTeam "Villa de Teror Goya"]
[BlackTeam "San Andres Oleaje"]
[WhiteTeamCountry "ESP"]
[BlackTeamCountry "ESP"]

1. d4 Nf6 2. Bf4 g6 3. e3 Bg7 4. Be2 c5 5. c3 0-0 6. Nd2 d6 7. h3 Nc6 8. Ngf3 Nd5 9. Bh2 Nb6 10. 0-0 Bd7 11. dxc5 dxc5 12. Ne4 c4 13. Nc5 Bc8 14. Qxd8 Rxd8 15. Rfd1 Re8 16. a4 Na5 17. Nd4 Nd7 18. Nxd7 Bxd7 19. Bc7 b6 20. Bf3 Rac8 21. Bg3 e5 22. Nb5 Bxb5 23. axb5 e4 24. Be2 Rc5 25. Bd6 Rxb5 26. Bb4 Rc8 27. Rd7 Rxb4 28. cxb4 Bxb2 29. Rad1 c3 30. Rd8+ Rxd8 31. Rxd8+ Kg7 32. Rc8 Nb3 33. Bd1 Nd2 34. f3 a5 35. bxa5 bxa5 36. Kf2 Kf6 37. Bc2 exf3 38. gxf3 Ke6 39. Ke2 Kd5 40. Rb8 Kc4 41. Bd3+ Kc5 42. Rb5+ Kc6 43. Rxa5 Nb3 44. Be4+ Kd6 45. Ra7 f5 46. Bc2 Na1 47. Kd3 g5 48. Rxh7 Bc1 49. Rg7 Nxc2 50. Kxc2 Bxe3 51. Kxc3 Ke5 52. Kd3 Bf2 53. Rxg5 Kf6 54. Rg2 Be1 55. f4 Bh4 56. Ra2 Kg6 57. Ra6+ Kg7 1-0

[Event "Las Palmas Insular-chT Pref"]
[Site "Las Palmas"]
[Date "2015.03.28"]
[Round "12.4"]
[White "Peinado Santana, Victor"]
[Black "Rossello Padron, Carlos Eduardo"]
[Result "0-1"]
[WhiteElo "1731"]
[BlackElo "1863"]
[PlyCount "48"]
[EventDate "2014.11.22"]
[EventType "team-tourn"]
[EventRounds "14"]
[EventCountry "ESP"]
[SourceTitle "EXT 2016"]
[Source "ChessBase"]
[SourceDate "2015.10.08"]
[SourceVersion "1"]
[SourceVersionDate "2015.10.08"]
[SourceQuality "1"]
[WhiteTeam "La Caja de Canarias"]
[BlackTeam "San Andres Oleaje"]
[WhiteTeamCountry "ESP"]
[BlackTeamCountry "ESP"]

1. d4 Nf6 2. c4 c5 3. Nf3 g6 4. Nc3 Bg7 5. e4 cxd4 6. Nxd4 Nc6 7. Be2 Nxe4 8. Nxc6 Nxc3 9. Nxd8 Nxd1 10. Nxf7 Kxf7 11. Bxd1 d6 12. Bf3 Be6 13. Bxb7 Rab8 14. Bd5 Bxb2 15. Bxb2 Rxb2 16. 0-0 Bxd5 17. cxd5 Rc8 18. a4 a5 19. Rad1 Rcc2 20. Rd4 Rb4 21. Rxb4 axb4 22. a5 Ra2 23. a6 b3 24. f3 b2 0-1

[Event "Las Palmas Insular-chT Pref"]
[Site "Las Palmas"]
[Date "2015.01.31"]
[Round "6.4"]
[White "Diaz Suarez, Cayetano"]
[Black "Rossello Padron, Carlos Eduardo"]
[Result "1-0"]
[WhiteElo "1867"]
[BlackElo "1863"]
[PlyCount "125"]
[EventDate "2014.11.22"]
[EventType "team-tourn"]
[EventRounds "14"]
[EventCountry "ESP"]
[SourceTitle "EXT 2016"]
[Source "ChessBase"]
[SourceDate "2015.10.08"]
[SourceVersion "1"]
[SourceVersionDate "2015.10.08"]
[SourceQuality "1"]
[WhiteTeam "Guia Univac"]
[BlackTeam "San Andres Oleaje"]
[WhiteTeamCountry "ESP"]
[BlackTeamCountry "ESP"]

1. e4 c5 2. Nf3 Nc6 3. d3 e6 4. g3 Nf6 5. Bg2 d6 6. 0-0 Be7 7. Re1 0-0 8. Nbd2 Qc7 9. Nf1 Bd7 10. c3 Rac8 11. h4 Rfd8 12. N1h2 e5 13. Bg5 Ng4 14. Bxe7 Nxe7 15. Ng5 Nxh2 16. Qh5 Ng4 17. Qxf7+ Kh8 18. Qxe7 Re8 19. Qf7 Nf6 20. Qb3 h6 21. Nh3 Be6 22. Qd1 Qf7 23. b3 Rf8 24. Rf1 Qg6 25. Qe1 Nh5 26. Kh2 Rc7 27. Rd1 Rcf7 28. d4 Bg4 29. Rd2 Bxh3 30. Kxh3 Rxf2 31. g4 Nf4+ 32. Kg3 Rxd2 33. Qxd2 Nh5+ 34. Kh2 Nf4 35. Bf3 Qf6 36. Kg3 g5 37. h5 cxd4 38. cxd4 exd4 39. Qa5 Qe5 40. Qxe5+ dxe5 41. Rc1 Rf7 42. Rc5 Re7 43. a3 b6 44. Rc8+ Kg7 45. b4 Ne6 46. Rc6 Kf7 47. Rc8 d3 48. Kf2 Rd7 49. Ke3 Nd4 50. Bd1 Nb5 51. a4 Nc7 52. Bb3+ Kg7 53. Rg8+ Kh7 54. Kd2 Rd4 55. Rg6 Rxb4 56. Bg8+ Kh8 57. Kxd3 Rxa4 58. Bb3 Ra3 59. Rxh6+ Kg7 60. Rg6+ Kf8 61. Kc2 Ra5 62. h6 Rc5+ 63. Kb2 1-0

[Event "Las Palmas Insular-chT Pref qual"]
[Site "Las Palmas"]
[Date "2014.05.17"]
[Round "3.4"]
[White "Rossello Padron, Carlos Eduardo"]
[Black "Karlsen, Sverre Johan"]
[Result "0-1"]
[WhiteElo "1921"]
[BlackElo "1997"]
[PlyCount "104"]
[EventDate "2014.05.03"]
[EventType "team-tourn"]
[EventRounds "3"]
[EventCountry "ESP"]
[SourceTitle "EXT 2015"]
[Source "ChessBase"]
[SourceDate "2014.11.20"]
[SourceVersion "1"]
[SourceVersionDate "2014.11.20"]
[SourceQuality "1"]
[WhiteTeam "Piscolabis Oleaje San Andres"]
[BlackTeam "Stana Hernandez"]
[WhiteTeamCountry "ESP"]
[BlackTeamCountry "ESP"]

1. d4 f5 2. c4 Nf6 3. Nc3 g6 4. e3 Bg7 5. Bd3 0-0 6. Nf3 d6 7. Qb3 Nc6 8. Bd2 e5 9. c5+ Kh8 10. dxe5 dxe5 11. Bb5 Qe7 12. Rc1 Be6 13. Qa4 Bd7 14. Qh4 a6 15. Ba4 Rad8 16. 0-0 Ne4 17. Qxe7 Nxe7 18. c6 Nxd2 19. Nxd2 Bxc6 20. Rfd1 e4 21. Bb3 Rd7 22. Kf1 Rfd8 23. Ke1 b5 24. Ndb1 b4 25. Rxd7 Rxd7 26. Nd1 Be5 27. Nd2 g5 28. Nc4 Bxh2 29. g3 f4 30. exf4 gxf4 31. Ne5 fxg3 32. Nf7+ Kg7 33. fxg3 Bxg3+ 34. Kf1 Bf4 35. Rc5 Bd5 36. Ba4 c6 37. Nf2 Kxf7 38. Ra5 Nf5 39. Ke2 Bc4+ 40. Ke1 Rd5 41. Rxd5 cxd5 42. b3 Bb5 43. Bxb5 axb5 44. Nh3 Bh6 45. Nf2 Ke6 46. Ng4 d4 47. Nf2 Kd5 48. Ke2 d3+ 49. Ke1 Kd4 50. Ng4 d2+ 51. Ke2 d1Q+ 52. Kxd1 Ne3+ 0-1

[Event "Las Palmas Insular-chT Primera-B"]
[Site "Las Palmas"]
[Date "2014.03.22"]
[Round "12.1"]
[White "Ramirez Maillo, Juan Adonay"]
[Black "Rossello Padron, Carlos Eduardo"]
[Result "1-0"]
[WhiteElo "1663"]
[BlackElo "1921"]
[PlyCount "43"]
[EventDate "2013.11.09"]
[EventType "team-tourn"]
[EventRounds "14"]
[EventCountry "ESP"]
[SourceTitle "EXT 2015"]
[Source "ChessBase"]
[SourceDate "2014.11.20"]
[SourceVersion "1"]
[SourceVersionDate "2014.11.20"]
[SourceQuality "1"]
[WhiteTeam "Panaderia Pulido San Mateo "]
[BlackTeam "Piscolabis Oleaje San Andres"]
[WhiteTeamCountry "ESP"]
[BlackTeamCountry "ESP"]

1. e4 c5 2. c3 d5 3. exd5 Qxd5 4. d4 cxd4 5. cxd4 Nc6 6. Nf3 Bg4 7. Nc3 Bxf3 8. Nxd5 Bxd1 9. Nc7+ Kd7 10. Nxa8 Bg4 11. d5 Nb4 12. Bb5+ Kc8 13. Bf4 Nc2+ 14. Kd2 Nxa1 15. Rc1+ Kd8 16. Bc7+ Kc8 17. f3 g6 18. Bf4+ Kd8 19. fxg4 Nf6 20. Bc7+ Kc8 21. g5 Nxd5 22. Be5+ 1-0

[Event "Las Palmas Insular-chT Primera-B"]
[Site "Las Palmas"]
[Date "2013.12.14"]
[Round "4.1"]
[White "Pujales Llanos, Jose Manuel"]
[Black "Rossello Padron, Carlos Eduardo"]
[Result "1/2-1/2"]
[WhiteElo "1900"]
[BlackElo "1921"]
[PlyCount "89"]
[EventDate "2013.11.09"]
[EventType "team-tourn"]
[EventRounds "14"]
[EventCountry "ESP"]
[SourceTitle "EXT 2015"]
[Source "ChessBase"]
[SourceDate "2014.11.20"]
[SourceVersion "1"]
[SourceVersionDate "2014.11.20"]
[SourceQuality "1"]
[WhiteTeam "La Caja de Canarias "]
[BlackTeam "Piscolabis Oleaje San Andres"]
[WhiteTeamCountry "ESP"]
[BlackTeamCountry "ESP"]

1. Nf3 Nf6 2. c4 e6 3. g3 c5 4. Bg2 Nc6 5. 0-0 Be7 6. d4 d5 7. cxd5 Nxd5 8. Nc3 0-0 9. e4 Nxc3 10. bxc3 Bf6 11. Ba3 b6 12. dxc5 Bxc3 13. Rc1 Bb4 14. Bxb4 Nxb4 15. Qb3 bxc5 16. Rxc5 Qb6 17. Rc4 Rb8 18. Rb1 Na6 19. Qxb6 axb6 20. Nd4 Bd7 21. Nc6 Bxc6 22. Rxc6 e5 23. f3 Rfd8 24. Rcxb6 Kf8 25. Rxb8 Rxb8 26. Rxb8+ Nxb8 27. Bf1 Ke7 28. Bc4 f6 29. Kf2 Kd6 30. f4 Kc5 31. Bg8 h6 32. fxe5 fxe5 33. Kf3 Nd7 34. h4 Kb4 35. g4 g5 36. hxg5 hxg5 37. Ke3 Nc5 38. Bd5 Nd7 39. Kd3 Nc5+ 40. Kc2 Nd7 41. Be6 Nc5 42. Bf5 Na4 43. Be6 Nc5 44. Bd5 Nd7 45. Be6 1/2-1/2

[Event "ESP-ch 77th"]
[Site "San Agustin"]
[Date "2012.10.07"]
[Round "9"]
[White "Moreno Cameno, Juan Carlos"]
[Black "Rossello Padron, Carlos Eduardo"]
[Result "1-0"]
[WhiteElo "1686"]
[BlackElo "1882"]
[PlyCount "75"]
[EventDate "2012.09.29"]
[EventType "swiss"]
[EventRounds "9"]
[EventCountry "ESP"]
[SourceTitle "EXT 2014"]
[Source "ChessBase"]
[SourceDate "2013.11.20"]
[SourceVersion "1"]
[SourceVersionDate "2013.11.20"]
[SourceQuality "1"]

1. e4 c5 2. Nf3 Nc6 3. d4 cxd4 4. Nxd4 Nf6 5. Nc3 e5 6. Ndb5 d6 7. Bg5 a6 8. Bxf6 gxf6 9. Na3 f5 10. Qh5 f4 11. Bc4 Qd7 12. Nd5 Qd8 13. 0-0-0 Be6 14. Nb6 Qxb6 15. Bxe6 Qc7 16. Nc4 Nd4 17. Bd5 Rc8 18. c3 b5 19. Nxd6+ Bxd6 20. Kb1 Nc6 21. Rd2 Qe7 22. Rhd1 0-0 23. Rd3 Kh8 24. Rh3 f6 25. Qf5 Rc7 26. Rdd3 Qd8 27. Bxc6 Rff7 28. Bd5 Rg7 29. Rh6 Be7 30. Rdh3 Bd6 31. Rxf6 Rxg2 32. Rfh6 Rgg7 33. Qe6 Rgd7 34. Rg6 Rc8 35. Rf6 Qc7 36. Rf5 Rg7 37. Qf6 Qe7 38. Rxh7+ 1-0

[Event "ESP-ch 77th"]
[Site "San Agustin"]
[Date "2012.09.30"]
[Round "2"]
[White "Rossello Padron, Carlos Eduardo"]
[Black "Morales Sanchez, Domingo"]
[Result "1-0"]
[WhiteElo "1882"]
[BlackElo "1512"]
[PlyCount "89"]
[EventDate "2012.09.29"]
[EventType "swiss"]
[EventRounds "9"]
[EventCountry "ESP"]
[SourceTitle "EXT 2014"]
[Source "ChessBase"]
[SourceDate "2013.11.20"]
[SourceVersion "1"]
[SourceVersionDate "2013.11.20"]
[SourceQuality "1"]

1. c4 e5 2. Nc3 Nf6 3. g3 c6 4. d4 exd4 5. Qxd4 Na6 6. a3 Bc5 7. Qe4+ Qe7 8. Qxe7+ Bxe7 9. Bg2 0-0 10. e4 Re8 11. Nge2 d6 12. 0-0 Be6 13. b3 Nd7 14. Nd4 Bf6 15. Be3 Nc7 16. f4 Bxd4 17. Bxd4 f6 18. Rfd1 Nc5 19. Rab1 Bf7 20. e5 N7e6 21. exf6 Nxd4 22. Rxd4 Rad8 23. fxg7 Re3 24. Ne4 Nxe4 25. Rxe4 Rxe4 26. Bxe4 d5 27. Rd1 Kxg7 28. b4 Re8 29. Bf5 dxc4 30. Rd7 Kf6 31. Bxh7 Re7 32. Rxe7 Kxe7 33. Kf2 Kd6 34. Be4 b6 35. Ke3 a6 36. g4 c5 37. h4 cxb4 38. axb4 a5 39. bxa5 bxa5 40. Kd4 a4 41. Bb1 Kc6 42. h5 Kb5 43. Kc3 a3 44. Ba2 Kc5 45. h6 1-0

[Event "Las Palmas Insular-chT Primera-B"]
[Site "Las Palmas"]
[Date "2012.03.24"]
[Round "14.1"]
[White "Rossello Padron, Carlos Eduardo"]
[Black "Rodriguez Melian, Jose Luis"]
[Result "0-1"]
[WhiteElo "1954"]
[BlackElo "2119"]
[PlyCount "49"]
[EventDate "2011.11.12"]
[EventType "team-tourn"]
[EventRounds "14"]
[EventCountry "ESP"]
[SourceTitle "EXT 2013"]
[Source "ChessBase"]
[SourceDate "2012.11.22"]
[SourceVersion "1"]
[SourceVersionDate "2012.11.22"]
[SourceQuality "1"]
[WhiteTeam "Piscolabis Oleaje San Andres"]
[BlackTeam "Club de Ajedrez Guea"]
[WhiteTeamCountry "ESP"]
[BlackTeamCountry "ESP"]

1. b3 Nf6 2. Bb2 g6 3. e4 d6 4. f4 Bg7 5. Nf3 0-0 6. d3 c5 7. g3 Nc6 8. Bg2 Ng4 9. Bxg7 Ne3 10. Qe2 Nxg2+ 11. Qxg2 Kxg7 12. 0-0 f5 13. Nbd2 d5 14. exd5 Qxd5 15. Rae1 e6 16. Ng5 h6 17. Qxd5 exd5 18. Ne6+ Bxe6 19. Rxe6 Rfe8 20. Rfe1 Rxe6 21. Rxe6 Nd4 22. Rd6 Re8 23. Rxd5 Re1+ 24. Nf1 Re2 25. Re5 0-1

[Event "Las Palmas Insular-chT Pref"]
[Site "Las Palmas"]
[Date "2012.03.03"]
[Round "11.4"]
[White "De la Hoz Sanchez, Ruben"]
[Black "Rossello Padron, Carlos Eduardo"]
[Result "1-0"]
[WhiteElo "2008"]
[BlackElo "1962"]
[PlyCount "95"]
[EventDate "2011.11.12"]
[EventType "team-tourn"]
[EventRounds "14"]
[EventCountry "ESP"]
[SourceTitle "EXT 2013"]
[Source "ChessBase"]
[SourceDate "2012.11.22"]
[SourceVersion "1"]
[SourceVersionDate "2012.11.22"]
[SourceQuality "1"]
[WhiteTeam "Canarias Vecindario"]
[BlackTeam "Piscolabis Oleaje San Andres"]
[WhiteTeamCountry "ESP"]
[BlackTeamCountry "ESP"]

1. d4 Nf6 2. c4 c5 3. d5 b5 4. cxb5 a6 5. bxa6 Bxa6 6. Nc3 g6 7. e4 Bxf1 8. Kxf1 d6 9. Nf3 Nbd7 10. Nd2 Bg7 11. Qc2 Nb6 12. Rb1 0-0 13. b3 e6 14. Nc4 exd5 15. Nxb6 Qxb6 16. exd5 Qb7 17. Qd3 Rfe8 18. a4 Qe7 19. Bg5 h6 20. Bxf6 Bxf6 21. Nb5 Rad8 22. g3 h5 23. h4 Qe4 24. Qxe4 Rxe4 25. Kg2 Rb4 26. Rhc1 Kf8 27. Kf3 Ke7 28. Na7 Rb6 29. Nc6+ Kd7 30. Nxd8 Kxd8 31. Rc4 Ra6 32. Re1 Rb6 33. Re3 Be5 34. a5 Ra6 35. Rxe5 dxe5 36. Rxc5 f5 37. Ke3 Kd7 38. Kd3 Ra8 39. b4 g5 40. hxg5 h4 41. gxh4 Rh8 42. a6 Rxh4 43. a7 Rh8 44. b5 Kd6 45. Rc1 Kxd5 46. b6 e4+ 47. Ke2 f4 48. b7 1-0